| 000 | 00616nam a22001937a 4500 | ||
|---|---|---|---|
| 005 | 20130812115151.0 | ||
| 010 | _aENG-108161 | ||
| 020 |
_a9780521187336 _c345.00 |
||
| 035 | _aEN-91694 | ||
| 037 | _bDBAD/PUB | ||
| 082 | _a620.00922 | ||
| 100 | _aJames, Ioan | ||
| 245 | 1 | 0 |
_aRemarkable engineers : _cby Ioan James _bfrom Riquet to Shannon / |
| 260 |
_aNew Delhi _bCambridge University Press _c2010 |
||
| 270 |
_a4381/4, Ansari Road, Daryaganj _bNew Delhi _e110002 |
||
| 300 |
_axv,201p. : _c23cm(pbk) _bill. |
||
| 500 | _aIncludes bibliographical references | ||
| 942 |
_2ddc _cEN _mJAM _h620.00922 |
||
| 999 |
_c78125 _d78125 |
||